000
00321nam a22001457a 4500
008
210311b ||||| |||| 00| 0 eng d
020
_a
9780077652531
041
_a
eng
080
_2
8th
_a
33
082
_2
8th
_a
33
100
_a
59
101
_a
BIZ
245
_a
Understanding Business
_c
Nickels,G.W
942
_2
udc
_c
BK
999
_c
56322
_d
56322